000 00546nam a2200193Ia 4500
003 OSt
005 20240612145101.0
008 210210b1986 xxu||||| |||| 00| 0 eng d
040 _cAL
041 _aKannada
082 _aK894.1 SIDA
100 _aSIDDHALINGA PATTANASHETTI.
_9139564
_dಸಿದ್ದಲಿಂಗ ಪಟ್ಟಣಶೆಟ್ಟಿ
245 _aAyaskanta.
_bಅಯಸ್ಕಾಂತ
260 _aDharavada
_bAnanya Prakashana
_c1986
300 _a56
690 _aKannada Poetry
_9139565
906 _a038778
942 _2ddc
_cBK
999 _c89181
_d89181